000 00612nam a2200181 4500
001 118348
003 ES-MaACL
005 20251013180847.0
007 t|
008 070214s1913 sp r ||||1| spa d
100 1 _aPardo y Puzo, Angel.
_989018
245 1 0 _aAnguilas y angulas
_b: con 13 grabados y 4 láminas /
_cAngel Pardo y Puzo ; carta-prólogo de Adolfo Navarrete.
260 _aMadrid :
_b[s. n.],
_c1913 (
_fArtes Gráficas `Mateo`)
300 _a83 p. :
_bil. ;
_c19 cm.
700 1 _aNavarrete y Alcázar, Adolfo,
_d1861-1925
_985044
852 _aES-MaACL
_jT-1343-F-5
999 _c118348
_d118348